000 00851nas a2200289 4500
001 BR0301620
003 BR-BrBNA
005 20231205103648.0
007 ta
008 230509b bl.|||p| |||| 00| 00por d
040 _aBR-BrBNA
_bpor
_cBiblioteca Nacional de Agricultura
041 _a(Pt)
072 _aL73; L70
100 1 _aWatanabe, E.T.
100 1 _aRibeiro, A.R.
100 1 _aSilva, J.B.
100 1 _aGarino Junior, F.
100 1 _aCosta, E.O.
245 1 _aAvaliação in vitro e in vivo da eficiência dos antimicrobianos no tratamento de casos de mastite clínica bovina
650 _aBOVINO
650 _aMAMITE
650 _aETIOLOGIA
650 _aVETERINÁRIA
773 0 _tNapgama (Brazil)
_xISSN 1516-6384
_g(2001), v. 4(1) p. 9-14
_wBR0301620
909 _a202311
_bLúcia
_c55
_dLúcia Elande
942 _2AGRIS
_n0
_cANA
999 _c174080
_d174080